| 000 | 01361cab a2200397 4500 | ||
|---|---|---|---|
| 001 | ABS51276 | ||
| 008 | 090401t1994 xxu||||| |||| 00| 0 eng d | ||
| 035 | _a(Sirsi) u19140 | ||
| 041 | _aeng | ||
| 100 | _aCox, D. | ||
| 245 | _aHeadline rent on review: Landlords 3, Tenants 2 | ||
| 260 | _c1994 | ||
| 300 | _aSee also | ||
| 350 | _a0 | ||
| 490 |
_aEstates Gazette _v(9432) 13 August 1994, 77-79(3) |
||
| 520 | _aWith reference to cases heard in the courts over the past eighteen months, the authors discuss how rent-free periods should be treated at rent review. | ||
| 650 | _aBASINGSTOKE AND DEANE BC V HOST GROUP LTD | ||
| 650 | _aBROADGATE SQUARE PLC V LEHMAN BROTHERS LTD | ||
| 650 | _aCITY OFFICES PLC V BRYANSTON INSURANCE CO LTD | ||
| 650 | _aCO-OPERATIVE WHOLESALE SOCIETY LTD V NATIONAL WESTMINSTER | ||
| 650 | _aFACE RENT | ||
| 650 | _aFITTING-OUT | ||
| 650 | _aHEADLINE RENT | ||
| 650 | _aLONDON & LEEDS ESTATES LTD V PARIBAS LTD | ||
| 650 | _aNET EFFECTIVE RENT | ||
| 650 | _aOPEN MARKET RENT | ||
| 650 | _aPRUDENTIAL NOMINEES V GREENHAM TRADING | ||
| 650 | _aRENT REVIEWS | ||
| 650 | _aRENT-FREE PERIODS | ||
| 650 | _aSCOTTISH AMICABLE LIFE ASSURANCE SOCIETY V MIDDLETON | ||
| 650 | _aTRUE RENT | ||
| 690 | _aLANDLORD AND TENANT-RENT REVIEWS | ||
| 700 | _aWaltham, A. | ||
| 942 | _n0 | ||
| 948 | _c04/03/1997 | ||
| 999 |
_c12748 _d12748 |
||